Classic PlayStation Games by Screenshot - Statistics

General Stats
  • This quiz has been taken 599 times
  • The average score is 12 of 20
Answer Stats
Picture Answer % Correct
Tomb Raider
96%
Crash Bandicoot
93%
Mortal Kombat Trilogy
86%
Rayman
80%
Resident Evil
80%
Final Fantasy VII
79%
Tony Hawk's Skateboarding
77%
Spyro the Dragon
76%
Metal Gear Solid
73%
Silent Hill
66%
Tekken 3
62%
Gran Turismo
60%
PaRappa the Rapper
57%
Dino Crisis
35%
MediEvil
33%
Croc
31%
Driver
29%
Medal of Honor
29%
Heart of Darkness
9%
Jade Cocoon: Story of the Tamamayu
3%
No matching quizzes found
Score Distribution
Percent of People with Each Score
Percentile by Number Answered
Your Score History
You have not taken this quiz